Recita estiva /

Salvato in:
Dettagli Bibliografici
Autore principale: Wolf, Christa (Autore)
Altri autori: Raja, Anita
Natura: Libro
Lingua:italiano
Pubblicazione: Roma : E/O, 1989
Tags: Aggiungi Tag
Nessun Tag, puoi essere il primo ad aggiungerne!!

MARC

LEADER 00000nam a22000007i 4500
001 IT\ICCU\CFI\0150026
003 ItRI
005 20260115231924.0
008 910326s1989 it |||||| ||||| |||||c
015 |2 IT  |a 91-11907 
020 |a 8876410791 
040 |b ita  |c importazione bologna sebina 
041 7 |a ita  |2 ISO-639-2 
082 |a 833.914  |9 NARRATIVA TEDESCA. 1945-  |2 19 
100 1 |a Wolf, Christa  |0 IT\ICCU\CFIV\012106  |4 aut 
240 1 0 |a Sommerstück. -  |3 IT\ICCU\CFI\0169338  |9 Wolf, Christa 
245 1 0 |a Recita estiva /  |c Christa Wolf ; traduzione dal tedesco e postfazione di Anita Raja. 
260 |a Roma :  |b E/O,  |c 1989 
300 |a 199 p. ;  |c 21 cm. 
700 1 |a Raja, Anita  |0 IT\ICCU\CFIV\012107 
790 1 |a Ihlenfeld, Christa  |3 IT\ICCU\SBNV\098413  |z Wolf, Christa 
942 |2 ddc  |c BK  |n 0 
952 |0 0  |1 0  |4 0  |6 DOC_833_000000000000000_WOL  |7 0  |9 16615  |a BO  |b BO  |d 2026-01-15  |i 2235  |l 0  |o DOC 833 WOL  |p BO2235  |r 2026-01-15 23:19:24  |w 2026-01-15  |x [Sebina 5] [1 v.]  |y BK  |z 1 v. 
999 |c 14219  |d 14219